[Event "Cullera op 26th"]
[Site "Cullera"]
[Date "2005.07.24"]
[Round "3.17"]
[White "Meseguer Pallares, Roque"]
[Black "Lacrosse, Marc"]
[Result "0-1"]
[WhiteElo "2101"]
[BlackElo "2242"]
[PlyCount "81"]
[EventDate "2005.07.21"]
[EventType "swiss"]
[EventRounds "9"]
[EventCountry "ESP"]
[SourceTitle "CBM 107 Extra"]
[Source "ChessBase"]
[SourceDate "2005.09.01"]
[SourceVersion "1"]
[SourceVersionDate "2005.09.01"]
[SourceQuality "1"]

1. c4 e6 2. Nf3 d5 3. b3 Nf6 4. Bb2 Be7 5. g3 0-0 6. Bg2 b6 7. 0-0 Bb7 8. e3 Nbd7 9. Nc3 c5 10. cxd5 Nxd5 11. Nxd5 Bxd5 12. Qe2 Bf6 13. d4 cxd4 14. Bxd4 e5 15. Bb2 e4 16. Nh4 Bxh4 17. gxh4 Qxh4 18. Rad1 Be6 19. Rd4 f5 20. Ba3 Rfd8 21. Rd6 Nf8 22. Rfd1 Rxd6 23. Rxd6 Re8 24. Qb5 Qh5 25. Bf1 Qf7 26. Qb4 h6 27. Qd4 Kh7 28. Be2 Qg6+ 29. Kh1 Qg5 30. Bb5 Ng6 31. Qd1 Nh4 32. Qf1 Rd8 33. Be2 Rxd6 34. Bxd6 Bf7 35. Bf4 Qf6 36. Qd1 g5 37. Bb8 f4 38. exf4 gxf4 39. f3 Qg6 40. Bxf4 exf3 41. Bd3 0-1